| 000 | 00741nam a2200253 i 4500 | ||
|---|---|---|---|
| 001 | 14673 | ||
| 003 | ES-MaACL | ||
| 005 | 20230906150847.0 | ||
| 007 | t| | ||
| 008 | 981027s1998 sp ||||0| spa j | ||
| 020 | _a84-88730-47-0 | ||
| 040 |
_aM-BN _bspa _cM-BN |
||
| 080 | _a821.134.2-94"19" | ||
| 100 | 1 |
_aAub, Max, _d1903-1972 _923783 |
|
| 245 | 1 | 0 |
_aDiarios (1939-1972) / _cMax Aub ; edición, estudio introductorio y notas de Manuel Aznar Soler. |
| 250 | _a1ª ed. | ||
| 260 |
_aBarcelona : _bAlba, _c1998. |
||
| 300 |
_a556 p ; _c21 cm. |
||
| 490 | 1 |
_aA literaria ; _v34 |
|
| 700 | 1 |
_aAznar Soler, Manuel. _924318 |
|
| 830 | 0 |
_aA literaria ; _v34 _9179807 |
|
| 852 |
_aES-MaACL _jL-21946 _bR.127299 |
||
| 999 |
_c14673 _d14673 |
||